[Event "13. Lichtenberger Sommer"]
[Site "?"]
[Date "2014.08.18"]
[Round "3.111"]
[White "Günther, Boris"]
[Black "Wahner, Eberhard"]
[Result "1-0"]
[WhiteElo "1538"]
[BlackElo "1063"]
[PlyCount "111"]
[EventDate "2014.??.??"]
[WhiteTeam "SF Friedrichshagen"]
[BlackTeam "vereinslos"]

1. d4 Nf6 2. Nc3 e6 3. Bg5 Be7 4. Nf3 d5 5. Bxf6 Bxf6 6. e4 O-O 7. Qd2 c5 8.
exd5 cxd4 9. Nxd4 exd5 10. O-O-O Nc6 11. Nce2 Nxd4 12. Nxd4 Be6 13. g3 Rc8 14.
Nxe6 fxe6 15. Bh3 Rc6 16. Qe3 e5 17. Qb3 Rd6 18. Kb1 Kh8 19. Qxb7 a5 20. Bg2 e4
21. c3 Bxc3 22. Qb3 Be5 23. Rd2 Qf6 24. Rf1 Rfd8 25. f4 Bd4 26. Rfd1 Rb6 27.
Qa3 Rb4 28. Qxa5 Rdb8 29. b3 h6 30. Qxd5 Bc3 31. Re2 Qa6 32. Bxe4 Bf6 33. Rd3
Qb6 34. Red2 Rb5 35. Qc6 Qg1+ 36. Qc1 Qa7 37. Qd1 Qa5 38. Re2 Rb4 39. Bg6 Qb6
40. Re8+ Rxe8 41. Bxe8 Qf2 42. Rd2 Qb6 43. Rc2 Qe6 44. Bd7 Qe4 45. Qe2 Qd5 46.
Rc8+ Kh7 47. Qc2+ g6 48. Bc6 Qd4 49. Rc7+ Bg7 50. Rxg7+ Qxg7 51. Be4 h5 52. f5
Qe5 53. fxg6+ Kh6 54. Qc1+ Kg7 55. Bc2 Rb6 56. Qb2 1-0

[Event "13. Lichtenberger Sommer"]
[Site "?"]
[Date "2014.08.18"]
[Round "3.112"]
[White "Zuccolo, Sebastian"]
[Black "Kossuewa, Aminat"]
[Result "1-0"]
[WhiteElo "1434"]
[BlackElo "785"]
[PlyCount "109"]
[EventDate "2014.??.??"]
[WhiteTeam "ASD San Gregorio Pordenone"]
[BlackTeam "SC Friesen Lichtenberg e.V."]

1. d4 d5 2. c4 dxc4 3. e3 Nf6 4. Bxc4 e6 5. Nf3 Nc6 6. a3 Bd6 7. O-O O-O 8. Nc3
e5 9. dxe5 Nxe5 10. Nxe5 Bxe5 11. Qc2 Be6 12. Bxe6 fxe6 13. Rd1 Qe7 14. h3 a6
15. b4 Qf7 16. Bb2 Bxc3 17. Bxc3 Rae8 18. Rd2 Qg6 19. Qxg6 hxg6 20. f3 Nd5 21.
Bd4 c6 22. e4 e5 23. Bc5 Ne7 24. Rd7 Rf7 25. Rxb7 g5 26. Rd1 Ng6 27. Rxf7 Kxf7
28. Rd7+ Ke6 29. Rd6+ Kf7 30. Rxc6 Rd8 31. Rd6 Rxd6 32. Bxd6 Ke6 33. Bc5 Nf4
34. Be3 Ne2+ 35. Kf2 Nc3 36. Bxg5 g6 37. Bd2 Na4 38. Ke2 Nb6 39. Kd3 Nd7 40.
Kc4 Nb6+ 41. Kd3 Na4 42. Kc2 Nb6 43. Kb3 Na8 44. Be3 Nc7 45. a4 Kd6 46. Kc4 Kc6
47. h4 Ne8 48. Bc5 Nf6 49. g4 Kc7 50. Be3 Ng8 51. Bg5 Kd7 52. b5 axb5+ 53. axb5
Ne7 54. Bxe7 Kxe7 55. h5 1-0

[Event "13. Lichtenberger Sommer"]
[Site "?"]
[Date "2014.08.18"]
[Round "3.113"]
[White "Kossuewa, Fatima"]
[Black "Rau, Joshua"]
[Result "0-1"]
[WhiteElo "797"]
[BlackElo "1624"]
[PlyCount "48"]
[EventDate "2014.??.??"]
[WhiteTeam "SC Friesen Lichtenberg e.V."]
[BlackTeam "Schachunion Berlin e.V."]

1. e4 e5 2. Nf3 Nc6 3. Bc4 Bc5 4. c3 Nf6 5. d4 exd4 6. cxd4 Bb4+ 7. Nc3 O-O 8.
O-O Bxc3 9. bxc3 Nxe4 10. Qc2 Nf6 11. Bf4 d5 12. Bd3 h6 13. Bf5 Bxf5 14. Qxf5
Ne7 15. Qc2 Ng6 16. Bg3 Rc8 17. Rae1 Ne4 18. c4 c6 19. Ne5 Re8 20. Nxg6 fxg6
21. Qd3 Qg5 22. Rd1 Kh7 23. Qe3 Qxe3 24. fxe3 Nxg3 0-1

[Event "13. Lichtenberger Sommer"]
[Site "?"]
[Date "2014.08.19"]
[Round "4.1"]
[White "Glantz, Robert"]
[Black "Stern, Rene"]
[Result "0-1"]
[WhiteElo "2308"]
[BlackElo "2542"]
[PlyCount "136"]
[EventDate "2014.??.??"]
[WhiteTeam "SC Kreuzberg e.V."]
[BlackTeam "SK König Tegel 1949 e.V."]

1. e4 e5 2. Nf3 Nc6 3. Bb5 a6 4. Ba4 Nf6 5. d3 d6 6. c4 g6 7. Nc3 Bg7 8. Nd5 h6
9. Nb4 Bd7 10. Nxc6 bxc6 11. O-O c5 12. a3 a5 13. Bd2 O-O 14. Bxd7 Nxd7 15. Bc3
Re8 16. Nd2 Nf8 17. Qa4 Qd7 18. Qxd7 Nxd7 19. b4 axb4 20. axb4 cxb4 21. Bxb4
Nf8 22. Rfb1 Ne6 23. g3 h5 24. Kf1 Bh6 25. Nf3 Reb8 26. Rxa8 Rxa8 27. Rb2 Ra1+
28. Ke2 Bc1 29. Rc2 Ba3 30. Bc3 Rb1 31. h4 Bc5 32. Bd2 f6 33. Ra2 Kf7 34. Bc3
g5 35. Ra1 Rb3 36. Rc1 g4 37. Nd2 Ra3 38. Nb1 Ra2+ 39. Nd2 Nd4+ 40. Bxd4 Bxd4
41. Rd1 Bc3 42. f3 gxf3+ 43. Ke3 f2 44. Nf1 Ke6 45. Kf3 Bd4 46. Ne3 c6 47. Nf5
Bc5 48. Kg2 Kf7 49. Kf1 Ra7 50. Ke2 Ra4 51. Kf3 Ra2 52. Kg2 Ra7 53. Kf3 Ke8 54.
Kg2 Kf8 55. Kf3 Kg8 56. Kg2 Kh7 57. Kf1 Kg6 58. Kg2 d5 59. cxd5 cxd5 60. Kf3
Ra2 61. Rc1 Rc2 62. Rd1 Rd2 63. Rc1 Rxd3+ 64. Ke2 dxe4 65. Rxc5 Kxf5 66. Kxf2
Kg4 67. Rc7 Rf3+ 68. Kg2 Rxg3+ 0-1

[Event "13. Lichtenberger Sommer"]
[Site "?"]
[Date "2014.08.19"]
[Round "4.2"]
[White "Braun, Arik"]
[Black "Fuchs, Heinz"]
[Result "1-0"]
[WhiteElo "2544"]
[BlackElo "2353"]
[PlyCount "45"]
[EventDate "2014.??.??"]
[WhiteTeam "SC Eppingen"]
[BlackTeam "SC Untergrombach 46"]

1. d4 d5 2. c4 c6 3. Nf3 Nf6 4. Nc3 a6 5. a4 e6 6. g3 a5 7. Bg2 Be7 8. O-O O-O
9. Ne5 Na6 10. e4 Nb4 11. Be3 b6 12. Nxc6 Nxc6 13. exd5 exd5 14. cxd5 Bg4 15.
f3 Bd7 16. dxc6 Bxc6 17. Bf2 Nd5 18. Qb3 Qd7 19. Rfe1 Rfd8 20. f4 Bf6 21. Nxd5
Bxd5 22. Bxd5 Qxd5 23. Re8+ 1-0

[Event "13. Lichtenberger Sommer"]
[Site "?"]
[Date "2014.08.19"]
[Round "4.3"]
[White "Heinig, Wolfram"]
[Black "Kurayan, Ruslan"]
[Result "0-1"]
[WhiteElo "2299"]
[BlackElo "2398"]
[PlyCount "72"]
[EventDate "2014.??.??"]
[WhiteTeam "SK Zehlendorf e.V."]
[BlackTeam "Gouverment Chersonsk"]

1. d4 Nf6 2. c4 g6 3. Nc3 Bg7 4. e4 d6 5. Be2 O-O 6. Bg5 h6 7. Be3 c5 8. dxc5
Qa5 9. Qd2 dxc5 10. Bxh6 Rd8 11. Nd5 Qxd2+ 12. Bxd2 Nxe4 13. Ba5 Bxb2 14. Rb1
Rxd5 15. cxd5 Bd4 16. Nf3 Bxf2+ 17. Kf1 b6 18. Bd3 Ba6 19. Bxa6 Nxa6 20. Be1
Be3 21. Ne5 Nc7 22. Rd1 Bd4 23. Nc6 Nxd5 24. Rd3 e5 25. g3 f6 26. h4 a6 27. h5
Rc8 28. Nxd4 cxd4 29. hxg6 Rc2 30. Rh4 f5 31. g4 f4 32. Rdh3 Ne3+ 33. Kg1 Rc1
34. Rh8+ Kg7 35. R3h6 Rxe1+ 36. Kh2 Re2+ 0-1

[Event "13. Lichtenberger Sommer"]
[Site "?"]
[Date "2014.08.19"]
[Round "4.4"]
[White "Reichenbach, Werner"]
[Black "Moreno Tejera, Emilio"]
[Result "1/2-1/2"]
[WhiteElo "2258"]
[BlackElo "2435"]
[PlyCount "199"]
[EventDate "2014.??.??"]
[WhiteTeam "SK Zehlendorf e.V."]
[BlackTeam "Sfrd. Berlin 1903 e.V."]

1. d4 g6 2. e4 Bg7 3. Nc3 d6 4. Nf3 a6 5. a4 Bg4 6. Be3 Nc6 7. d5 Ne5 8. Be2
Nxf3+ 9. Bxf3 Bxf3 10. Qxf3 Nf6 11. O-O O-O 12. Rfd1 Qe8 13. Bd4 e5 14. Be3 Nh5
15. g4 Nf4 16. Bxf4 exf4 17. Re1 Be5 18. Kh1 Qe7 19. Rad1 c5 20. dxc6 bxc6 21.
b3 Qh4 22. Ne2 Kg7 23. Rd3 h5 24. Rg1 Rh8 25. h3 hxg4 26. Rxg4 Qe7 27. Qg2 Rh4
28. Rxh4 Qxh4 29. Kg1 Qf6 30. Kf1 Rb8 31. Qf3 Rb4 32. c4 Rb8 33. Qg4 Rh8 34.
Ng1 Rh4 35. Qd7 f3 36. Rxf3 Rf4 37. Rxf4 Qxf4 38. Qg4 Qd2 39. Qf3 Qc1+ 40. Kg2
Qd2 41. Ne2 Qg5+ 42. Qg4 Qd2 43. Ng3 d5 44. exd5 cxd5 45. cxd5 Qxd5+ 46. Qe4
Qd6 47. Nf1 f5 48. Qb7+ Kh6 49. Ne3 Bd4 50. Nc4 Qe6 51. Qf3 Kh7 52. Kf1 Bc5 53.
Kg2 Bd4 54. Qf4 Qd5+ 55. Kg1 Bg7 56. Qd2 Qf3 57. Qe3 Qd5 58. Kf1 Bh6 59. Qe7+
Bg7 60. Ke2 Qd4 61. Qe3 Qd5 62. Qf3 Qe6+ 63. Kf1 Bd4 64. Qf4 Qd5 65. Kg1 Bg7
66. Qe3 Bd4 67. Qe7+ Bg7 68. Qe3 Bd4 69. Qe2 Bc5 70. Qe5 Qd1+ 71. Kg2 Bf8 72.
Qe3 Bg7 73. Qf3 Qd4 74. Qc6 Qc3 75. Qb7 Qd4 76. Ne3 Qd3 77. Qd5 Qe2 78. Qc4 Qb2
79. b4 Bd4 80. Kf3 Bxe3 81. fxe3 Qh2 82. Qh4+ Kg7 83. Qg3 Qh1+ 84. Kf2 Qd5 85.
Qc7+ Kh6 86. Qf4+ Kh7 87. Qh4+ Kg8 88. Qf6 Qd2+ 89. Kf3 Kh7 90. Qh4+ Kg8 91.
Qc4+ Kh7 92. b5 axb5 93. axb5 Qd1+ 94. Kf2 Qd2+ 95. Qe2 Qd6 96. Kg2 Qd5+ 97.
Kg1 Qc5 98. Kg2 Qd5+ 99. Kf2 Qd6 100. Kg2 1/2-1/2

[Event "13. Lichtenberger Sommer"]
[Site "?"]
[Date "2014.08.19"]
[Round "4.5"]
[White "Schild, Christoph"]
[Black "Vatter, Hans-Joachim"]
[Result "1-0"]
[WhiteElo "2390"]
[BlackElo "2278"]
[PlyCount "125"]
[EventDate "2014.??.??"]
[WhiteTeam "SK Freiburg Zähringen 1887 e.V."]
[BlackTeam "SC Untergrombach 46"]

1. c4 c5 2. Nc3 Nc6 3. g3 g6 4. Bg2 Bg7 5. Nf3 d6 6. O-O Bf5 7. d3 Qd7 8. a3
Bh3 9. Rb1 Bxg2 10. Kxg2 h5 11. h4 Nh6 12. Bxh6 Bxh6 13. b4 Bg7 14. Ne4 b6 15.
Qd2 O-O 16. b5 Nd8 17. a4 Nb7 18. Nc3 Bxc3 19. Qxc3 d5 20. Qc1 Kg7 21. Ne5 Qe6
22. Qb2 f6 23. Nc6 dxc4 24. Qa2 Nd8 25. Qxc4 Qxc4 26. dxc4 Nxc6 27. bxc6 Rfc8
28. Rfd1 Rxc6 29. Rd7 Re6 30. Kf3 Kf7 31. Rbd1 a6 32. Rc7 a5 33. Rb7 Rc8 34.
Rd5 Rcc6 35. e4 Rcd6 36. Kf4 Rc6 37. f3 Rc8 38. Ke3 Ke8 39. Kf4 Kf7 40. Ke3 Ke8
41. Ra7 Kf7 42. f4 Ke8 43. Rb7 f5 44. Re5 Rxe5 45. fxe5 Rd8 46. exf5 gxf5 47.
Kf4 e6 48. Kg5 Rd4 49. Kf6 Rxc4 50. Rxb6 f4 51. Kxe6 Kd8 52. gxf4 Rxf4 53. Rb5
Rxa4 54. Rxc5 Rxh4 55. Rd5+ Kc7 56. Rxa5 Rh1 57. Ke7 h4 58. Rc5+ Kb6 59. Rc2 h3
60. e6 h2 61. Rf2 Kc5 62. Kf7 Kd6 63. e7 1-0

[Event "13. Lichtenberger Sommer"]
[Site "?"]
[Date "2014.08.19"]
[Round "4.6"]
[White "Amelang, Thomas"]
[Black "Von Herman, Ulf"]
[Result "0-1"]
[WhiteElo "2109"]
[BlackElo "2379"]
[PlyCount "178"]
[EventDate "2014.??.??"]
[WhiteTeam "SK Siemens München"]
[BlackTeam "SK König Tegel 1949 e.V."]

1. e4 d5 2. exd5 Nf6 3. d4 Nxd5 4. Nf3 g6 5. c3 Bg7 6. Bc4 O-O 7. O-O c6 8.
Nbd2 Nd7 9. Re1 N5b6 10. Bb3 c5 11. Nc4 Nxc4 12. Bxc4 cxd4 13. Nxd4 e5 14. Nb5
Nb6 15. Bb3 Bd7 16. Nd6 Bc6 17. Nc4 Nxc4 18. Bxc4 Qc7 19. Qb3 Rad8 20. a4 Rc8
21. Be2 h6 22. Be3 b6 23. Qb4 Qb7 24. f3 Rfd8 25. a5 Bf8 26. Qh4 bxa5 27. Rxa5
Qxb2 28. Rxa7 Qxc3 29. Qf2 Bd5 30. Raa1 Be6 31. Ba6 Ra8 32. Rac1 Qb4 33. Bf1
Rdc8 34. Qd2 Rxc1 35. Qxb4 Bxb4 36. Rxc1 Kg7 37. Bc4 Bxc4 38. Rxc4 Ra1+ 39. Rc1
Ra2 40. Rc4 Be7 41. Rc7 Bh4 42. Rc1 Re2 43. Bc5 Bg5 44. Rc3 Re1+ 45. Kf2 Rh1
46. Rc4 Bf4 47. h3 h5 48. Rc2 g5 49. Bb6 h4 50. Ke2 Rb1 51. Ba5 Rg1 52. Kf2 Ra1
53. Bc3 Rb1 54. Ke2 Kg6 55. Ba5 Kf5 56. Kd3 Rd1+ 57. Ke2 Rg1 58. Kd3 Ra1 59.
Bc3 Ra3 60. Re2 Ke6 61. Kc4 Ra8 62. Rb2 Rd8 63. Re2 Kf5 64. Be1 Rd7 65. Bc3 Ke6
66. Ra2 Be3 67. Re2 Bd4 68. Be1 Ra7 69. Bb4 f5 70. Be1 Rc7+ 71. Kd3 Kd5 72. Bd2
Rg7 73. Be1 Ra7 74. Bd2 e4+ 75. fxe4+ fxe4+ 76. Kc2 Rg7 77. Bc1 g4 78. hxg4
Rxg4 79. Bd2 Kc4 80. Bc1 Be5 81. Be3 Rg3 82. Bd2 Kd5 83. Be1 Rg4 84. Kd1 Bf4
85. Ra2 Bg3 86. Bd2 Bf2 87. Ke2 Rxg2 88. Kf1 h3 89. Ra5+ Bc5 0-1

[Event "13. Lichtenberger Sommer"]
[Site "?"]
[Date "2014.08.19"]
[Round "4.7"]
[White "Muse, Drazen"]
[Black "Rietze, Clemens"]
[Result "0-1"]
[WhiteElo "2396"]
[BlackElo "2274"]
[PlyCount "110"]
[EventDate "2014.??.??"]
[WhiteTeam "SK König Tegel 1949 e.V."]
[BlackTeam "USV Potsdam e.V., Abt. Schach"]

1. Nf3 Nf6 2. g3 g6 3. b3 d5 4. Bb2 Bg7 5. Bg2 O-O 6. O-O c5 7. c4 e6 8. cxd5
exd5 9. d4 b6 10. Nc3 Bb7 11. Rc1 Nbd7 12. dxc5 bxc5 13. Na4 Qe7 14. Ba3 Rac8
15. Bh3 Rc7 16. Qd2 Rfc8 17. Rfe1 Ne4 18. Qa5 f5 19. Red1 Bh6 20. Rc2 Ndf6 21.
Bc1 Bxc1 22. Rdxc1 Ng4 23. Rf1 d4 24. Qe1 Ne5 25. Bg2 Ba6 26. Nb2 d3 27. exd3
Nxd3 28. Qa5 Nb4 29. Rfc1 Nxc2 30. Rxc2 Qe6 31. h4 Qb6 32. Qe1 c4 33. Nxc4 Bxc4
34. bxc4 Rxc4 35. Rxc4 Rxc4 36. Ng5 Qc5 37. Bxe4 Rc1 38. Bd5+ Kh8 39. Qxc1
Qxc1+ 40. Kg2 Qd2 41. Bb3 Kg7 42. Ne6+ Kf6 43. Nf4 a5 44. Nd5+ Ke5 45. Nf4 Qd4
46. Bg8 Qe4+ 47. Kg1 a4 48. Kh2 Qf3 49. Kg1 Qb7 50. Kh2 Kd4 51. Kg1 h6 52. Kf1
g5 53. hxg5 hxg5 54. Ne6+ Kc3 55. Nc5 Qb5+ 0-1

[Event "13. Lichtenberger Sommer"]
[Site "?"]
[Date "2014.08.19"]
[Round "4.8"]
[White "Meister, Jakob"]
[Black "Kreutzkamp, Hans-Rudolf"]
[Result "1-0"]
[WhiteElo "2466"]
[BlackElo "2186"]
[PlyCount "85"]
[EventDate "2014.??.??"]
[WhiteTeam "SK Zehlendorf e.V."]
[BlackTeam "SK Union Eimsbuettel eV"]

1. e4 e5 2. Nf3 Nc6 3. Bb5 a6 4. Ba4 d6 5. Bxc6+ bxc6 6. d4 exd4 7. Nxd4 c5 8.
Nc6 Qd7 9. Na5 Ne7 10. O-O Rb8 11. b3 Ng6 12. Nc3 Be7 13. Nd5 Bd8 14. Nc4 O-O
15. Bb2 Bb7 16. f4 f5 17. Nce3 Ne7 18. e5 Nxd5 19. Nxd5 Qf7 20. c4 c6 21. Ne3
d5 22. Qc2 d4 23. Nd1 Kh8 24. Nf2 Rg8 25. Ba3 Be7 26. Nd3 Qf8 27. Qe2 Re8 28.
Qf3 g5 29. fxg5 Rxg5 30. Bc1 Rg4 31. Bf4 Qg7 32. Rae1 Bg5 33. Bxg5 Rxg5 34. e6
Bc8 35. Nf4 Rg8 36. Rf2 Rg4 37. g3 Qe7 38. Qe2 a5 39. Qe5+ Qg7 40. Nd3 Re4 41.
Rxe4 fxe4 42. Qxe4 Re8 43. Ne5 1-0

[Event "13. Lichtenberger Sommer"]
[Site "?"]
[Date "2014.08.19"]
[Round "4.9"]
[White "Kalinitschew, Sergey"]
[Black "Guenther, Thomas"]
[Result "1-0"]
[WhiteElo "2409"]
[BlackElo "2089"]
[PlyCount "97"]
[EventDate "2014.??.??"]
[WhiteTeam "SC Kreuzberg e.V."]
[BlackTeam "SV Senat"]

1. Nf3 Nf6 2. c4 e6 3. Nc3 d5 4. d4 Be7 5. Bg5 h6 6. Bh4 c6 7. e3 Nbd7 8. Bd3
b6 9. cxd5 cxd5 10. O-O Bb7 11. Rc1 a6 12. a4 Ne4 13. Bxe7 Qxe7 14. Qb3 Qd6 15.
Bxe4 dxe4 16. Nd2 Bd5 17. Ncxe4 Qe7 18. Qc2 O-O 19. Nc3 Bb7 20. e4 Nf6 21. Rfe1
Qb4 22. Nf3 Rac8 23. Qe2 Qa5 24. h3 Rfd8 25. Qe3 b5 26. axb5 axb5 27. Ra1 Qb6
28. Qf4 b4 29. Na4 Qc7 30. Qh4 Qc2 31. Nc5 Bc6 32. b3 Nd7 33. Rac1 Qb2 34. Rb1
Qa2 35. Ra1 Qb2 36. Rab1 Qa2 37. Qf4 Nxc5 38. dxc5 f6 39. Qe3 e5 40. Rbd1 Qc2
41. Rd6 Qc3 42. Qxc3 bxc3 43. Rxd8+ Rxd8 44. Rc1 Rd3 45. Ne1 Rd2 46. f3 Re2 47.
Nd3 Re3 48. Nb4 Bb5 49. Nd5 1-0

[Event "13. Lichtenberger Sommer"]
[Site "?"]
[Date "2014.08.19"]
[Round "4.10"]
[White "Gelemerov, Yane"]
[Black "Brüdigam, Martin"]
[Result "0-1"]
[WhiteElo "2090"]
[BlackElo "2342"]
[PlyCount "74"]
[EventDate "2014.??.??"]
[WhiteTeam "Krakera Pernik"]
[BlackTeam "SK König Tegel 1949 e.V."]

1. e4 e5 2. Bc4 Nf6 3. Nc3 Nc6 4. d3 Na5 5. Bb3 Nxb3 6. axb3 d5 7. Qe2 dxe4 8.
dxe4 c6 9. Nf3 Qc7 10. h3 Be7 11. O-O O-O 12. Kh2 a5 13. Rd1 b6 14. Nh4 Re8 15.
Qf3 g6 16. g3 Nd7 17. Bh6 Bf8 18. Qe3 Nc5 19. Bxf8 Rxf8 20. b4 Ne6 21. bxa5
bxa5 22. Nf3 Rb8 23. b3 f6 24. Rd2 Ba6 25. Rad1 Rfd8 26. Na4 Rxd2 27. Rxd2 Rd8
28. Nc5 Bc8 29. Nxe6 Bxe6 30. g4 Rxd2 31. Qxd2 g5 32. Qd3 c5 33. Qa6 Kf7 34. c4
Qb8 35. Qb5 Qxb5 36. cxb5 Ke7 37. Nd2 Kd7 0-1

[Event "13. Lichtenberger Sommer"]
[Site "?"]
[Date "2014.08.19"]
[Round "4.11"]
[White "Siebarth, Raiko"]
[Black "Wörz, Markus"]
[Result "1-0"]
[WhiteElo "2252"]
[BlackElo "1949"]
[PlyCount "71"]
[EventDate "2014.??.??"]
[WhiteTeam "SG Blau-Weiß Stadtilm"]
[BlackTeam "SC Kreuzberg e.V."]

1. d4 Nf6 2. g3 d5 3. Bg2 e6 4. e3 Be7 5. Ne2 O-O 6. O-O c5 7. b3 Nc6 8. Bb2
Qc7 9. dxc5 Bxc5 10. Bxf6 gxf6 11. Nf4 Kh8 12. Nd2 Rg8 13. Qe2 Bd7 14. c4 dxc4
15. Qxc4 Be7 16. Rfd1 Rac8 17. Rac1 Qb8 18. Qe4 Nd8 19. Rxc8 Qxc8 20. Nd5 Qc5
21. Nxe7 Qxe7 22. Qh4 Bc6 23. Ne4 Rg6 24. b4 Kg7 25. Nd6 Bxg2 26. Kxg2 Nc6 27.
Qe4 f5 28. Qc4 Rg4 29. Qc3+ f6 30. b5 Ne5 31. f4 Nf7 32. Nc8 Qe8 33. Qc7 Kf8
34. Rd7 Rg7 35. Nd6 Nxd6 36. Qxd6+ 1-0

[Event "13. Lichtenberger Sommer"]
[Site "?"]
[Date "2014.08.19"]
[Round "4.12"]
[White "Lerch, Philipp"]
[Black "Schmidt, Markus"]
[Result "1-0"]
[WhiteElo "2241"]
[BlackElo "2097"]
[PlyCount "81"]
[EventDate "2014.??.??"]
[WhiteTeam "SK König Tegel 1949 e.V."]
[BlackTeam "SK Turm Bad Hersfeld"]

1. c4 e5 2. g3 Nc6 3. Bg2 f5 4. Nc3 Nf6 5. d3 Bb4 6. e3 Bxc3+ 7. bxc3 O-O 8.
Ne2 d6 9. Rb1 e4 10. Nf4 Ne5 11. h4 c5 12. O-O Rb8 13. d4 Nc6 14. Qc2 b6 15.
Rd1 Qe7 16. Bf1 Ba6 17. Nd5 Qf7 18. Nxf6+ Qxf6 19. Qa4 Na5 20. Ba3 Rbc8 21.
Rbc1 Qe6 22. Bb4 cxb4 23. cxb4 Bxc4 24. bxa5 Bxf1 25. Rxf1 d5 26. axb6 axb6 27.
Qb5 f4 28. exf4 e3 29. Qe2 exf2+ 30. Kxf2 Qf5 31. Rfe1 Rce8 32. Qxe8 Rxe8 33.
Rxe8+ Kf7 34. Re3 Qh3 35. Rc7+ Kf8 36. Ra3 Qh2+ 37. Kf3 Qh1+ 38. Kg4 Qd1+ 39.
Kg5 h6+ 40. Kg6 Qg4+ 41. Kh7 1-0

[Event "13. Lichtenberger Sommer"]
[Site "?"]
[Date "2014.08.19"]
[Round "4.14"]
[White "Flick, Antoine"]
[Black "Sieglen, Joachim"]
[Result "0-1"]
[WhiteElo "2035"]
[BlackElo "2261"]
[PlyCount "74"]
[EventDate "2014.??.??"]
[WhiteTeam "Philidor Mulhouse"]
[BlackTeam "SC Untergrombach 46"]

1. Nf3 Nf6 2. c4 c5 3. g3 Nc6 4. Bg2 d5 5. cxd5 Nxd5 6. Nc3 Nc7 7. O-O e5 8. d3
Be7 9. Be3 Be6 10. Rc1 f6 11. a3 Nd4 12. Nd2 Nd5 13. Nxd5 Bxd5 14. Bxd4 exd4
15. Qa4+ Kf7 16. b4 Bxg2 17. Kxg2 Qd5+ 18. Kg1 cxb4 19. axb4 b5 20. Qb3 Qxb3
21. Nxb3 Bxb4 22. Rc7+ Kg6 23. Nxd4 a6 24. Ne6 Rhe8 25. f4 f5 26. Rc6 Kf7 27.
Nc7 Rac8 28. Rfc1 Rxe2 29. Rxa6 Bd2 30. Rcc6 b4 31. Kf1 Re1+ 32. Kf2 b3 33.
Rab6 Re7 34. Nb5 Rxc6 35. Rxc6 g6 36. Nd6+ Kg7 37. Nc4 Bc3 0-1

[Event "13. Lichtenberger Sommer"]
[Site "?"]
[Date "2014.08.19"]
[Round "4.15"]
[White "Wiebe, Patrick"]
[Black "Wierzbicki, Jirawat"]
[Result "1-0"]
[WhiteElo "2176"]
[BlackElo "1924"]
[PlyCount "45"]
[EventDate "2014.??.??"]
[WhiteTeam "SK Nordhorn-Blanke"]
[BlackTeam "SK König Tegel 1949 e.V."]

1. Nf3 d5 2. c4 dxc4 3. Na3 a6 4. Nxc4 b5 5. Ne3 Bb7 6. a4 Nd7 7. d4 Ngf6 8.
Nc2 e6 9. Bd2 c5 10. axb5 axb5 11. dxc5 Bxc5 12. e3 Qb6 13. Rxa8+ Bxa8 14. b4
Be7 15. Ncd4 Nd5 16. Bxb5 Qc7 17. O-O O-O 18. Qb3 N7b6 19. Rc1 Qd6 20. e4 Nc7
21. Bc6 Nc8 22. b5 Qa3 23. Bd7 1-0

[Event "13. Lichtenberger Sommer"]
[Site "?"]
[Date "2014.08.19"]
[Round "4.16"]
[White "Zschäbitz, Klaus"]
[Black "Zur, Jan"]
[Result "0-1"]
[WhiteElo "2064"]
[BlackElo "2088"]
[PlyCount "118"]
[EventDate "2014.??.??"]
[WhiteTeam "BSG 1827 Eckbauer e.V."]
[BlackTeam "SC Zugzwang 95 e.V."]

1. c4 e5 2. g3 Nf6 3. Bg2 Nc6 4. Nc3 Bc5 5. e3 O-O 6. Nge2 Re8 7. O-O d6 8. a3
a5 9. d4 Bb6 10. Nd5 Nxd5 11. cxd5 Ne7 12. dxe5 dxe5 13. Nc3 Nf5 14. Na4 Ba7
15. b4 b5 16. Nc3 Nd6 17. Bb2 Bb6 18. Qe2 Bd7 19. Rfd1 Qe7 20. Rac1 Ra7 21. Nb1
Nc4 22. Bc3 Bf5 23. e4 Bd7 24. Qf3 Rea8 25. Bf1 Qg5 26. h3 Nd6 27. Nd2 a4 28.
Qg2 f6 29. Be2 Rf8 30. Nf1 Qg6 31. Bd3 Raa8 32. Bd2 f5 33. exf5 Bxf5 34. Bxf5
Nxf5 35. Kh1 Bxf2 36. Rxc7 Nxg3+ 37. Nxg3 Qxg3 38. Qxg3 Bxg3 39. Rg1 Rf3 40.
Be1 Bxe1 41. Rxe1 Re8 42. Kg2 Rxa3 43. Rb7 Rd3 44. Rc1 Rxd5 45. Rcc7 Kh8 46.
Kf2 Rg8 47. Ke3 a3 48. Ra7 Rd4 49. Rxa3 Rxb4 50. Re7 e4 51. h4 h6 52. h5 Rc4
53. Re5 Rf8 54. Ra7 Rf3+ 55. Ke2 Rc2+ 56. Ke1 Rb3 57. Rd7 Rbb2 58. Rxe4 Rh2 59.
Rf4 Rh1+ 0-1

[Event "13. Lichtenberger Sommer"]
[Site "?"]
[Date "2014.08.19"]
[Round "4.17"]
[White "Leyrer, Thomas"]
[Black "Tonndorf, Matthias"]
[Result "0-1"]
[WhiteElo "1774"]
[BlackElo "2263"]
[PlyCount "112"]
[EventDate "2014.??.??"]
[WhiteTeam "SV Königsjäger Süd-West e.V."]
[BlackTeam "SV Caissa Wolfenbüttel"]

1. d4 Nf6 2. Nf3 e6 3. e3 b6 4. Bd3 Bb7 5. O-O Be7 6. c4 O-O 7. Nc3 d5 8. cxd5
exd5 9. b3 Nbd7 10. Bb2 a6 11. Rc1 Bd6 12. Ne2 Qe7 13. Ng3 g6 14. Qe2 Ne4 15.
Rc2 f5 16. Nd2 Ndf6 17. Rfc1 Rf7 18. Nf3 Ng4 19. Rf1 h5 20. Nh1 Rh7 21. Ne5
Nxe5 22. dxe5 Bxe5 23. Bxe5 Qxe5 24. f4 Qe6 25. Nf2 Nd6 26. Nh3 Re7 27. Re1 Qf6
28. Qd2 Rae8 29. Ng5 d4 30. Nf3 Bxf3 31. gxf3 dxe3 32. Qc3 Qxc3 33. Rxc3 a5 34.
Rec1 c5 35. Kf1 Kg7 36. Ke2 Kf6 37. h4 Rd8 38. Ba6 Ne8 39. Rxe3 Rxe3+ 40. Kxe3
Nc7 41. Bc4 Rd4 42. a4 Ne8 43. Be2 Rb4 44. Bd1 Nc7 45. Rc4 Nd5+ 46. Kf2 Nxf4
47. Rxb4 Nd3+ 48. Ke3 Nxb4 49. f4 Nd5+ 50. Kf3 Nc3 51. Bc2 b5 52. Ke3 Nd5+ 53.
Kf3 bxa4 54. bxa4 c4 55. Bb1 c3 56. Bc2 Nb4 0-1

[Event "13. Lichtenberger Sommer"]
[Site "?"]
[Date "2014.08.19"]
[Round "4.18"]
[White "Stets, Dmitry"]
[Black "Poseck, Steffen"]
[Result "1-0"]
[WhiteElo "2419"]
[BlackElo "2019"]
[PlyCount "55"]
[EventDate "2014.??.??"]
[WhiteTeam "Schachfreunde Gerresheim 86 e.V."]
[BlackTeam "BSV 63 Chemie Weißensee"]

1. e4 d5 2. exd5 Qxd5 3. Nc3 Qd8 4. d4 Nf6 5. Nf3 Bg4 6. h3 Bxf3 7. Qxf3 c6 8.
Be3 e6 9. O-O-O Nbd7 10. Kb1 Nb6 11. g4 Be7 12. Bc1 Nbd5 13. Bg2 O-O 14. g5
Nxc3+ 15. Qxc3 Nd5 16. Qg3 b5 17. h4 Bd6 18. Qg4 Qa5 19. g6 b4 20. gxf7+ Kxf7
21. Rh3 Rfe8 22. Be4 Nc3+ 23. bxc3 bxc3 24. Qf3+ Kg8 25. Qxc3 Rab8+ 26. Ka1 Bb4
27. Qc4 Qb6 28. Rb3 1-0

[Event "13. Lichtenberger Sommer"]
[Site "?"]
[Date "2014.08.19"]
[Round "4.19"]
[White "Petersen, Soren Boeck"]
[Black "Sabrowski, Uwe"]
[Result "1-0"]
[WhiteElo "2256"]
[BlackElo "2097"]
[PlyCount "65"]
[EventDate "2014.??.??"]
[WhiteTeam "Damhus Skakklub"]
[BlackTeam "SC Friesen Lichtenberg e.V."]

1. e4 c5 2. Nf3 e6 3. d4 cxd4 4. Nxd4 Bc5 5. Nb3 Bb6 6. Nc3 Nc6 7. Bf4 Nge7 8.
Qd2 O-O 9. O-O-O f5 10. f3 a6 11. Bd3 Bc7 12. Bxc7 Qxc7 13. exf5 Nxf5 14. Bxf5
Rxf5 15. Qd6 Qb6 16. Kb1 a5 17. a4 Qb4 18. Rhe1 Qh4 19. Re4 Qf2 20. Re2 Qh4 21.
g3 Qh3 22. f4 Nb4 23. Nd4 Rf8 24. Nf3 Ra6 25. Qd2 d6 26. Rde1 h6 27. Nd4 Nd5
28. Nxd5 exd5 29. Re7 Bf5 30. Qc3 Rc8 31. Rxg7+ Kh8 32. Nxf5 Qxf5 33. Rc7+ 1-0

[Event "13. Lichtenberger Sommer"]
[Site "?"]
[Date "2014.08.19"]
[Round "4.20"]
[White "Mai, Andreas"]
[Black "Plump, Detlef"]
[Result "0-1"]
[WhiteElo "1998"]
[BlackElo "2228"]
[PlyCount "66"]
[EventDate "2014.??.??"]
[WhiteTeam "SC Friesen Lichtenberg e.V."]

1. e4 c5 2. Nf3 e6 3. d4 cxd4 4. Nxd4 a6 5. Bd3 Nf6 6. O-O Qc7 7. Nc3 Bd6 8. h3
Nc6 9. Nxc6 dxc6 10. Be3 b5 11. Ne2 c5 12. c3 Bb7 13. f3 Rd8 14. Qb1 c4 15. Bc2
Bc5 16. Qc1 Qb6 17. Kf2 Nd7 18. Rd1 O-O 19. Bxc5 Nxc5 20. Qe3 e5 21. Kf1 Qc7
22. b3 cxb3 23. axb3 Ne6 24. b4 Rc8 25. Bb3 Nf4 26. Rac1 Rfd8 27. Nxf4 exf4 28.
Rxd8+ Rxd8 29. Qe2 g6 30. c4 bxc4 31. Rxc4 Qb6 32. Qc2 a5 33. Rc7 Ba6+ 0-1